000 00447nam a2200169Ia 4500
005 20250423100140.0
008 250422s9999 xx 000 0 und d
020 _a1- 57231- 903- 8
050 _aQA 76.3. M33455/
100 _aMicrosoft corporation
245 0 _aMCSE training kit- microsoft windows 2000 server
260 _bMicrosoft Press
260 _c2000
300 _a1033 p
650 _aMicrosoft windows 2000 server
942 _cBK
999 _c32426
_d32426